Tổng hợp MnO2-Nano trên phim Polyimid : Luận văn Thạc sĩ Hoá học. Chuyên ngành: Hoá lý thuyết và Hoá lý
Đề tài này nghiên cứu tổng hợp MnO2 cấu trúc nano bằng phương pháp oxi hoá trực tiếp Mn2+ trên bề mặt polyimid biến tính.Quá trình chế tạo MnO2-nano/polyimid,các tính chất hoá lý cơ bản, hình thái bề mặt, kích thước hạt, thành phần pha và c...
Saved in:
| Main Author: | |
|---|---|
| Format: | Book |
| Language: | Undetermined |
| Published: |
Cần Thơ
Đại Học Cần Thơ
2010
|
| Subjects: | |
| Tags: |
Add Tag
No Tags, Be the first to tag this record!
|
| Institutions: | Trung tâm Học liệu Trường Đại học Cần Thơ |
|---|
| LEADER | 01222nam a2200217Ia 4500 | ||
|---|---|---|---|
| 001 | CTU_161744 | ||
| 008 | 210402s9999 xx 000 0 und d | ||
| 082 | |a 621.3815 | ||
| 082 | |b V300 | ||
| 088 | |a 60440119 | ||
| 100 | |a Nguyễn, Thiện Vi | ||
| 245 | 0 | |a Tổng hợp MnO2-Nano trên phim Polyimid : | |
| 245 | 0 | |b Luận văn Thạc sĩ Hoá học. Chuyên ngành: Hoá lý thuyết và Hoá lý | |
| 245 | 0 | |c Nguyễn Thiện Vi; Bùi Thanh Hương ( Hướng dẫn Khoa học ) | |
| 260 | |a Cần Thơ | ||
| 260 | |b Đại Học Cần Thơ | ||
| 260 | |c 2010 | ||
| 520 | |a Đề tài này nghiên cứu tổng hợp MnO2 cấu trúc nano bằng phương pháp oxi hoá trực tiếp Mn2+ trên bề mặt polyimid biến tính.Quá trình chế tạo MnO2-nano/polyimid,các tính chất hoá lý cơ bản, hình thái bề mặt, kích thước hạt, thành phần pha và cấu trúc tinh thể của sản phẩm. | ||
| 650 | |a Nanostructured materials,Công nghệ Nano,Cấu trúc Nano,Nanotechnology | ||
| 904 | |i Nhớ, bé 2 | ||
| 980 | |a Trung tâm Học liệu Trường Đại học Cần Thơ | ||